Marine Biology: a derivative of encyclopedia of ocean sciences

I tiakina i:
Ngā taipitopito rārangi puna kōrero
Kaituhi matua: Steele, John H (Author)
Hōputu: Pukapuka
Reo:Ingarihi
I whakaputaina: Londres Elsevier 2009
Putanga:2a. ed
Ngā marau:
Ngā Tūtohu: Tāpirihia he Tūtohu
Kāore He Tūtohu, Me noho koe te mea tuatahi ki te tūtohu i tēnei pūkete!

MARC

LEADER 00000cam a2200000 a 4500
001 UCD9640
003 CL-VaPUC
008 170630e20090000uk |||||||||||||||||eng|d
020 |a 9780080964805 
082 0 4 |a 578.77  |b STE  |2 21 
100 0 |a Steele, John H  |e author  |9 593303 
245 1 0 |a Marine Biology: a derivative of encyclopedia of ocean sciences 
250 |a 2a. ed 
300 |a 632 p 
942 |c BK 
945 |d 20170630 21:31:00  |a dcastane 
260 |a Londres  |b Elsevier  |c 2009 
650 0 |a Oceanografía  |9 260014 
650 0 |a Biología marina  |9 259965 
650 0 |a Ecología marina   |9 259946 
583 |a last modification  |c 20170630 21:31:00  |k Rodrigo Vera 
999 |c 368719  |d 368717 
952 |0 0  |1 0  |2 ddc  |3 erb  |4 0  |6 578_770000000000000_STE_2009  |7 0  |8 A  |9 484125  |a BIBCUR  |b BIBCUR  |i 5402824  |l 2  |o 578.77 STE 2009  |p 5402824  |r 2025-04-22  |s 2023-08-24  |w 2019-11-24  |y BK  |z Catalogado en:20170630  |k CIM